000 00673nam a2200277Ia 4500
005 20260330160710.0
008 008 300114s9999 xx 000 0 eng d
020 _a9789360534318
037 _aEBOOK
040 _aCRL
040 _beng
040 _cCRL
041 _2eng
041 _aeng
084 _qCRL
100 _aMACKINNON/FIALA
_91232162
245 0 _aETHICS: THEORY AND CONTEMPORARY ISSUES (EDITION9)
250 _a9
260 _bcengage
260 _c2018
650 _aPHILOSOPHY
856 _uhttps://cengageindiaelibrary.ipublishcentral.net/product-details/480334
942 _cEBOOK
999 _c1844000
_d1844000